| 000 | 00478nam a2200157 a 4500 | ||
|---|---|---|---|
| 001 | 000029072 | ||
| 005 | 20200930055319.0 | ||
| 008 | 110413s1973 dr 000 0 spa d | ||
| 040 |
_aDO-SdBNP _bspa _cBNPHU |
||
| 082 |
_axxx _bM316t |
||
| 100 | 1 |
_aMarchena Dujarric, Enrique de _928235 |
|
| 245 | 1 | 0 |
_aLa Teresa musical de Venezuela / _cEnrique de Marchena Dujarric. |
| 260 |
_aSanto Domingo : _bEditora Horizontes de América, _c1973. |
||
| 300 | _a20 p. 23 cm. | ||
| 049 | _aBNPD | ||
| 999 |
_c28564 _d28564 |
||